|
|
|
|
| LEADER |
01285nam a22002297i 4500 |
| 005 |
20220926095138.0 |
| 008 |
160929s1974 gr ||||f |||| 00| 0 gre d |
| 952 |
|
|
|0 0
|1 0
|2 ddc
|4 0
|6 941_084000000000000_092_CHU
|7 1
|9 205890
|a LISP
|b LISP
|c DON
|d 2016-09-29
|e ΔΙΑ
|i 088374
|l 0
|o 941.084 092 CHU
|p 025000151449
|r 2016-09-29 00:00:00
|t 1
|v 2016.00
|w 2016-09-29
|y BKN
|x Συλλογή Διακογιάννη
|
| 952 |
|
|
|0 0
|1 0
|2 ddc
|4 0
|6 941_084000000000000_092_CHU
|7 0
|9 364606
|a LISP
|b LISP
|c DON
|d 2022-09-26
|e ΠΑΤ
|i 252743
|l 0
|o 941.084 092 CHU
|p 025000285651
|r 2022-09-26 00:00:00
|t 2
|w 2022-09-26
|y BKN
|
| 999 |
|
|
|c 125190
|d 125190
|
| 040 |
|
|
|a GR-PaULI
|b gre
|c GR-PaULI
|
| 041 |
1 |
0 |
|a gre
|h eng
|
| 082 |
0 |
4 |
|2 23
|a 941.084 092
|
| 100 |
1 |
|
|a Churchill, Winston,
|c Sir
|d 1874-1965
|e συγγραφέας
|9 61369
|
| 245 |
1 |
3 |
|a Τα νεανικά μου χρόνια /
|c Ουϊνστων Τσώρτσιλ ; μετάφραση Αθηνάς Κακούρη.
|
| 260 |
|
|
|a Αθήναι :
|b Πάπυρος,
|c 1974.
|
| 300 |
|
|
|a 332 σ. ;
|c 16 εκ.
|
| 490 |
0 |
|
|a Βίπερ : Σειρά ιστορικού βιβλίου
|v 487
|
| 600 |
1 |
4 |
|9 56406
|a Churchill, Winston,
|c sir
|d 1874-1965
|x Βιογραφία
|
| 700 |
1 |
|
|9 6133
|a Κακούρη, Αθηνά,
|d 1928-
|e μεταφραστής
|
| 942 |
|
|
|2 ddc
|c BKN
|
| 998 |
|
|
|c ΒΑΣΙΛΕΙΟΥ
|d 2016-09
|